|
|
|
|
| LEADER |
00000nab a2200000 a 4500 |
| 001 |
vtls000023852 |
| 003 |
SK-MaSNL |
| 005 |
20260303031020.0 |
| 008 |
111103c1979 xo 0 slo |
| 015 |
|
|
|a SNBRB19rr/mm-uuuuu
|
| 035 |
|
|
|a CL0033946
|
| 040 |
|
|
|a SNKBUCL
|b slo
|c SNKBUCL
|e AACR2
|
| 041 |
0 |
|
|a slo
|
| 044 |
|
|
|a xo
|c SK
|
| 080 |
|
|
|a 885.4-3
|2 1981
|
| 100 |
1 |
|
|a Novák, Ján
|4 aut
|9 5176
|
| 245 |
1 |
0 |
|a Autobus
|c Ján Novák
|
| 650 |
0 |
7 |
|a fejtóny športové
|2 snkbucl
|9 1001542
|
| 650 |
0 |
7 |
|a futbal
|2 snkbucl
|9 3291
|
| 655 |
|
7 |
|a články z novín a časopisov
|2 snkbucl
|9 267496
|
| 655 |
|
7 |
|a články z odboru literárna veda a krásna literatúra
|2 snkbucl
|9 770045
|
| 773 |
0 |
|
|t Šport
|g Roč. 31, č. 13 (16. 1. 1979), s. /9/
|
| 850 |
|
|
|a Slovenská národná knižnica v Martine
|a MTA001
|
| 852 |
|
|
|a SNK
|b KIS3GCP
|
| 958 |
|
|
|a RK
|
| 958 |
|
|
|a LX
|
| 992 |
|
|
|a RBX
|
| 999 |
|
|
|c 1655466
|d 1657396
|